Statystyki dla "And the Oscar goes to..." - najlepszy film

Kliknij tutaj aby rozwiązać quiz!

Ogólne statystyki

  • Ten quiz został rozwiązany 54 razy
  • Średni wynik to 15 z 92

Statystyki odpowiedzi

RokTytuł filmu% Poprawnych
1997Titanic
72%
1994Forrest Gump
56%
1972Ojciec chrzestny
44%
2019Parasite
44%
2016Moonlight
42%
2000Gladiator
39%
1939Przeminęło z wiatrem
39%
2018Green Book
36%
1943Casablanca
31%
1991Milczenie owiec
31%
2003Władca Pierścieni: Powrót króla
31%
2017Kształt wody
28%
1999American Beauty
25%
1959Ben-Hur
25%
1993Lista Schindlera
25%
1974Ojciec chrzestny II
25%
2015Spotlight
25%
1979Sprawa Kramerów
25%
2007To nie jest kraj dla starych ludzi
25%
1984Amadeus
22%
2011Artysta
22%
2001Piękny umysł
22%
2014Birdman
19%
1962Lawrence z Arabii
19%
1975Lot nad kukułczym gniazdem
19%
2005Miasto gniewu
19%
1927/28Skrzydła
19%
1995Braveheart
17%
1960Garsoniera
17%
1978Łowca jeleni
17%
1964My Fair Lady
17%
2012Operacja Argo
17%
1986Pluton
17%
1976Rocky
17%
1990Tańczący z wilkami
17%
1998Zakochany Szekspir
17%
2004Za wszelką cenę
17%
1951Amerykanin w Paryżu
14%
2002Chicago
14%
1958Gigi
14%
2006Infiltracja
14%
2010Jak zostać królem
14%
1928/29Melodia Broadwayu
14%
1929/30Na zachodzie bez zmian
14%
1969Nocny kowboj
14%
1961West Side Story
14%
2013Zniewolony. 12 Years a Slave
14%
1977Annie Hall
11%
1992Bez przebaczenia
11%
1965Dźwięki muzyki
11%
1971Francuski łącznik
11%
1982Gandhi
11%
1957Most na rzece Kwai
11%
1968Oliver!
11%
1970Patton
11%
1988Rain Man
11%
1981Rydwany ognia
11%
2009The Hurt Locker
11%
1956W 80 dni dookoła świata
11%
1973Żądło
11%
1941Zielona dolina
11%
1980Zwyczajni ludzie
11%
1948Hamlet
8%
1931/32Ludzie w hotelu
8%
1955Marty
8%
1952Największe widowisko świata
8%
1987Ostatni cesarz
8%
1985Pożegnanie z Afryką
8%
1963Przygody Toma Jonesa
8%
2008Slumdog. Milioner z ulicy
8%
1953Stąd do wieczności
8%
1989Wożąc panią Daisy
8%
1996Angielski pacjent
6%
1935Bunt na Bounty
6%
1930/31Cimarron
6%
1983Czułe słówka
6%
1947Dżentelmeńska umowa
6%
1949Gubernator
6%
1934Ich noce
6%
1946Najlepsze lata naszego życia
6%
1966Oto jest głowa zdrajcy
6%
1940Rebeka
6%
1950Wszystko o Ewie
6%
1967W upalną noc
6%
1937Życie Emila Zoli
6%
1938Cieszmy się życiem
3%
1944Idąc moją drogą
3%
1932/33Kawalkada
3%
1954Na nabrzeżach
3%
1942Pani Miniver
3%
1945Stracony weekend
3%
1936Wielki Ziegfeld
3%

Rozkład punktacji

Percentyl według liczby udzielonych odpowiedzi

Procent ludzi z każdym wynikiem

Twoja historia wyników

Nie rozwiązałeś tego quizu